| 000 | 00854cam a2200265 4500 | ||
|---|---|---|---|
| 008 | 090401t1974 xxu||||| |||| 00| 0 eng d | ||
| 020 | _a0728200112 | ||
| 035 | _a(Sirsi) u18193 | ||
| 041 | _aeng | ||
| 050 | _a690.2 | ||
| 100 | _aMelville, Ian A. | ||
| 245 | _aStructural surveys of dwelling houses ... enlarged to include structural surveys of flats and new dwellings ... with a chapter on the legal position of the surveyor by Anthony Boswood | ||
| 250 | _a2nd ed. | ||
| 260 |
_aLondon _bEstates Gazette _c1974 |
||
| 300 | _axiv,426p. : ill. ; 22cm. | ||
| 350 | _a11 | ||
| 520 | _a1985 reprint of 2nd ed. | ||
| 650 | _aBOSWOOD ANTHONY | ||
| 650 | _aHOUSING | ||
| 650 | _aBUILT ENVIRONMENT-BUILDING SURVEYING-STRUCTURAL SURVEYING | ||
| 650 |
_aSurvey reports _96270 |
||
| 700 | _aGordon, Ian A. | ||
| 942 | _n0 | ||
| 948 | _c04/03/1997 | ||
| 999 |
_c87578 _d87578 |
||